| 000 | 00000nam##2200000za#4500 |
| 001 | 9.612713 |
| 003 | CaOODSP |
| 005 | 20200706133856 |
| 007 | ta |
| 008 | 150406|1995||||xxc||||| f|0| 0 eng|d |
| 020 | |a0-660-15592-3 |
| 022 | |a1200-5223 |
| 040 | |aCaOODSP|beng |
| 043 | |an-cn--- |
| 086 | 1 |aCS11-0019/86E |
| 245 | 00|aTechnology use, training and plant-specific knowledge in manufacturing establishments / |cby John R Baldwin et al. |
| 260 | |aOttawa - Ontario : |bStatistics Canada. |c1995. |
| 300 | |a39p. : |breferences, tables ; |c28 cm. |
| 490 | 1 |aResearch paper series|x1200-5223|vNo. 86 |
| 500 | |a"This study examines the factors influencing a firm's decision to train, using data taken from several recent Statistics Canada surveys that explore advanced technology use by Canadian manufacturing plants."--Abstract. |
| 520 | 3 |aThis study examines the factors influencing a firm's decision to train, using data taken from several recent Statistics Canada surveys that explore advanced technology use by Canadian manufacturing plants.--Abstract |
| 563 | |aSoftcover |
| 590 | |a95-52|b1995-12-29 |
| 690 | 07|aTechnology|2gcpds |
| 690 | 07|aManufacturing industry|2gcpds |
| 710 | 2 |aStatistics Canada. |bAnalytical Studies Branch. |
| 720 | 1 |aJohn, R. Baldwin |
| 775 | 08|tL'utilisation de la technologie, la formation et les connaissance spécifiques dans les établissements de fabrication / |w(CaOODSP)9.623609 |
| 776 | 0#|tTechnology use, training and plant-specific knowledge in manufacturing establishments / |w(CaOODSP)9.574582 |
| 830 | #0|aResearch paper series,|x1200-5223|vNo. 86|w(CaOODSP)9.514463 |